[Event "AUT-chT 0203"]
[Site "Austria"]
[Date "2002.12.06"]
[Round "2.5"]
[White "Frosch, Erich"]
[Black "Blaas, Hansjoerg"]
[Result "1/2-1/2"]
[WhiteElo "2343"]
[BlackElo "2266"]
[PlyCount "56"]
[EventDate "2002.12.05"]
[EventType "team-tourn"]
[EventRounds "11"]
[EventCountry "AUT"]
[SourceTitle "CBM 091 ext"]
[Source "ChessBase"]
[SourceDate "2003.01.09"]
[SourceVersion "1"]
[SourceVersionDate "2003.01.09"]
[SourceQuality "1"]
[WhiteTeam "Graz Austria"]
[BlackTeam "Jenbach SK Sparkasse"]
[WhiteTeamCountry "AUT"]
[BlackTeamCountry "AUT"]

1. d4 d5 2. Nf3 e6 3. c4 c6 4. e3 Nf6 5. Nc3 Bd6 6. a3 Nbd7 7. b4 0-0 8. Bb2 Re8 9. Qc2 e5 10. cxd5 Nxd5 11. Nxd5 cxd5 12. dxe5 Nxe5 13. Be2 Qf6 14. Nd4 a6 15. Rd1 Qg5 16. g3 Ng4 17. Nf3 Qh6 18. Rxd5 Bxg3 19. fxg3 Nxe3 20. Qd2 Nxd5 21. Qxd5 Qe3 22. Ne5 Be6 23. Qd2 Qxd2+ 24. Kxd2 Rad8+ 25. Nd3 Bc4 26. Rd1 b5 27. Bf1 Rd6 28. Kc2 h5 1/2-1/2

[Event "AUT-chT 0102"]
[Site "Austria"]
[Date "2001.11.02"]
[Round "3.5"]
[White "Niedermayr, Horst"]
[Black "Blaas, Hansjoerg"]
[Result "1/2-1/2"]
[WhiteElo "2178"]
[BlackElo "2216"]
[PlyCount "42"]
[EventDate "2001.10.31"]
[EventType "team-tourn"]
[EventRounds "11"]
[EventCountry "AUT"]
[SourceTitle "EXT 2002"]
[Source "ChessBase"]
[SourceDate "2001.11.25"]
[SourceVersion "1"]
[SourceVersionDate "2001.11.25"]
[SourceQuality "1"]
[WhiteTeam "Linz SK Voest"]
[BlackTeam "Jenbach SK Sparkasse"]
[WhiteTeamCountry "AUT"]
[BlackTeamCountry "AUT"]

1. e4 c5 2. Nf3 Nc6 3. Bb5 g6 4. 0-0 Bg7 5. Re1 e5 6. c3 a6 7. Bxc6 dxc6 8. d3 Ne7 9. Be3 b6 10. a4 a5 11. Na3 Ba6 12. Nc4 Bxc4 13. dxc4 0-0 14. Qe2 Qc7 15. Rad1 Rfd8 16. Rxd8+ Rxd8 17. Rd1 Nc8 18. h3 f6 19. Rxd8+ Qxd8 20. Nd2 Qd7 21. f3 Bf8 1/2-1/2